00469nam a22001457a 4500003000400000008004100004082001700045100002200062245012300084260005000207300000900257502001900266650001300285650002500298OSt260504b |||||||| |||| 00| 0 eng d a633.11bA28G aAkhter, Syed Wali aA genetic Analysis of LA Prevision 25 Wheat (C.I 12596) for Reaction to Leaf Rust and for Awnedness and Stem Pithiness aMississippibState College, Mississippic1955 a81P. bAgronomyd1955 aAgronomy aDoctor of Philosophy